Football : Lille LOSC - Statistiques

Statistiques générales
  • Ce quiz a été pris 386 fois
  • Le résultat moyen est 17 sur 21
Statistiques - réponses
Questions Réponses % Correct
Quelle couleur est emblématique de Lille ? Rouge
98%
Lille possède donc un stade de 50 000, ce qui le place au _ème rang en Ligue 1? 3
96%
Comment sont surnommés les joueurs lillois ? Les Dogues
96%
Avec quel club voisin du Pas-de-Calais forme-t-il le derby du Nord ? RC Lens
96%
En quelle année le dernier a-t-il été glané ? 2021
95%
Combien de championnats de France le club nordiste a-t-il remporté ? 4
95%
Quel jeune joueur canadien est deuxième de ce classement ? Jonathan David
95%
Quels sont les deux seuls clubs possédant un plus grand stade que Lille ? Olympique de Marseille
95%
Quel prodige belge s'est révélé à la suite de cette saison, pour ensuite partir à Chelsea ? Eden Hazard
93%
Que signifie le sigle LOSC ? Lille Olympique Sporting Club
89%
Quel joueur ivoirien a été vendu 80 millions d'euros à Arsenal, des suites de cette très bonne saison ? Nicolas Pépé
89%
Quelle homme politique, notamment premier ministre sous la Vème république a donné son nom au stade ? Pierre Mauroy
89%
Qui était alors l'entraîneur du club, notamment par Saint-Etienne, Nice et le PSG ? Christophe Galtier
88%
Olympique Lyonnais
88%
En quelle année le LOSC a-t-il également remporté un championnat de France, créant la "surprise" devant des équipes comme Marseille, Lyon ou Bordeaux ? 2011
87%
Quelle équipe a éliminé le LOSC en huitième de finale de ligue des champions durant la saison 2024-2025 ? Borussia Dortmund
81%
Comment s'appelle le stade du LOSC (nom d'un magasin) ? Décathlon
81%
En quelle année a été fondée le club nordiste ? 1944
68%
Quel gardien nigérian a gardé les cages lilloises durant les années 2010 ? Vincent Enyeama
60%
Quel joueur évoluant dans les années 1940-50 est le meilleur buteur de l'histoire du club ? Jean Baratte
41%
Quel joueur est le plus capé du club nordiste ? Marceau Somerlinck
13%
Aucun quiz correspondant
Distribution des résultats
% des personnes avec chaque résultat
Percentile par nombre de réponses
Votre historique - résultats
Vous n’avez pas pris ce quiz